Normal view
MARC view
- الأدب العربي - الخطاب الروائي -الخطاب النقدي - تفسير ونقد - مصر
Entry Topical Term
001 - CONTROL NUMBER
- control field: 38626
003 - CONTROL NUMBER IDENTIFIER
- control field: JO-AjAnu
005 - DATE AND TIME OF LATEST TRANSACTION
- control field: 20230606080430.0
008 - FIXED-LENGTH DATA ELEMENTS
- fixed length control field: 230606|| aca||aabn | a|a d
040 ## - CATALOGING SOURCE
- Original cataloging agency: JO-AjAnu
- Transcribing agency: JO-AjAnu
150 ## - HEADING--TOPICAL TERM
- Topical term or geographic name entry element: الأدب العربي - الخطاب الروائي -الخطاب النقدي - تفسير ونقد - مصر
670 ## - SOURCE DATA FOUND
- Source citation: Work cat.: (JO-AjAnu)19811: فتحي، إبراهيم, author 38625, الخطاب الروائي والخطاب النقدي في مصر